| 000 | 00000nam 2200000zi 4500 |
| 001 | 9.919362 |
| 003 | CaOODSP |
| 005 | 20230308152624 |
| 006 | m o d f |
| 007 | cr cn||||||||| |
| 008 | 230123e202209##oncd ob f000 0 eng d |
| 020 | |a9780660472171 |
| 040 | |aCaOODSP|beng|erda|cCaOODSP |
| 043 | |an-cn--- |
| 086 | 1 |aF2-295/2023E-PDF |
| 245 | 00|aTaxonomy roadmap report : |bmobilizing finance for sustainable growth by defining green and transition investments / |cSustainable Finance Action Council. |
| 264 | 1|a[Ottawa] : |bGovernment of Canada = Gouvernement du Canada, |cSeptember 2022. |
| 300 | |a1 online resource (77 pages) : |bcharts |
| 336 | |atext|btxt|2rdacontent |
| 337 | |acomputer|bc|2rdamedia |
| 338 | |aonline resource|bcr|2rdacarrier |
| 500 | |aIssued also in French under title: Rapport sur la feuille de route de la taxonomie. |
| 500 | |aPublished by: Finance Canada. |
| 504 | |aIncludes bibliographical references. |
| 520 | |a"The Taxonomy Roadmap Report contains 10 recommendations addressing the merits, design and implementation of a green and transition finance taxonomy for Canada"--page 1. |
| 650 | 0|aSustainable development|xEconomic aspects|zCanada. |
| 650 | 0|aInvestments|xEnvironmental aspects|zCanada. |
| 710 | 1 |aCanada. |bDepartment of Finance, |eissuing body. |
| 775 | 08|tRapport sur la feuille de route de la taxonomie : |w(CaOODSP)9.919363 |
| 856 | 40|qPDF|s9.70 MB|uhttps://publications.gc.ca/collections/collection_2023/fin/F2-295-2023-eng.pdf |